[Event "Aleksandria Cup"]
[Site "?"]
[Date "2015.07.14"]
[Round "2.16"]
[White "Hayrapetyan, Hovik"]
[Black "Babazada, Khazar"]
[Result "1-0"]
[LiveChessVersion "1.3.1"]
[BlackElo "1860"]
[WhiteElo "2444"]

1. Nf3 {[%clk 1:30:04]} d5 {[%clk 1:29:51]} 2. g3 {[%clk 1:30:01]} c5
{[%clk 1:28:24]} 3. Bg2 {[%clk 1:30:08]} Nc6 {[%clk 1:27:01]} 4. d4
{[%clk 1:30:25]} e6 {[%clk 1:25:46]} 5. O-O {[%clk 1:30:45]} Nf6 {[%clk 1:25:36]}
6. e3 {[%clk 1:22:58]} Be7 {[%clk 1:22:36]} 7. Nbd2 {[%clk 1:14:22]} O-O
{[%clk 1:21:12]} 8. dxc5 {[%clk 1:13:20]} Bxc5 {[%clk 1:21:36]} 9. a3
{[%clk 1:13:25]} a5 {[%clk 1:20:40]} 10. c4 {[%clk 1:13:04]} Rb8 {[%clk 1:18:50]}
11. Qc2 {[%clk 1:12:00]} Qe7 {[%clk 1:17:04]} 12. b3 {[%clk 1:02:07]} dxc4
{[%clk 1:15:28]} 13. Nxc4 {[%clk 1:00:38]} b6 {[%clk 1:03:53]} 14. Bb2
{[%clk 1:00:06]} h6 {[%clk 0:57:15]} 15. Nfe5 {[%clk 0:59:52]} Nd8
{[%clk 0:54:27]} 16. Qc3 {[%clk 0:44:26]} Bb7 {[%clk 0:40:40]} 17. Bxb7
{[%clk 0:37:01]} Qxb7 {[%clk 0:40:56]} 18. Nxa5 {[%clk 0:33:22]} bxa5
{[%clk 0:40:44]} 19. Qxc5 {[%clk 0:33:49]} Qxb3 {[%clk 0:40:50]} 20. Rab1
{[%clk 0:29:43]} Qa2 21. Qd4 {[%clk 0:28:21]} Qd5 {[%clk 0:28:21]} 22. Qxd5
{[%clk 0:27:38]} exd5 {[%clk 0:28:43]} 23. Bc3 {[%clk 0:27:58]} Ra8
{[%clk 0:29:07]} 24. Rb5 {[%clk 0:28:11]} a4 {[%clk 0:29:35]} 25. Nd3
{[%clk 0:28:08]} Ne6 {[%clk 0:27:08]} 26. Rd1 {[%clk 0:24:20]} Rfd8
{[%clk 0:27:00]} 27. Bxf6 {[%clk 0:22:06]} gxf6 {[%clk 0:27:29]} 28. Nf4
{[%clk 0:22:30]} Nxf4 {[%clk 0:27:47]} 29. gxf4 {[%clk 0:22:56]} Rac8
{[%clk 0:28:14]} 30. Rb4 {[%clk 0:22:49]} Rc2 {[%clk 0:23:14]} 31. Rxa4
{[%clk 0:22:32]} Rb8 {[%clk 0:21:56]} 32. Rb4 {[%clk 0:19:31]} Ra8
{[%clk 0:21:02]} 33. a4 {[%clk 0:19:22]} Rc4 {[%clk 0:21:11]} 34. Rd4
{[%clk 0:19:47]} Rc1+ {[%clk 0:20:10]} 35. Kg2 {[%clk 0:20:01]} Ra1
{[%clk 0:20:36]} 36. f5 {[%clk 0:19:41]} Ra2 {[%clk 0:20:56]} 37. Rg4+
{[%clk 0:19:26]} Kh8 {[%clk 0:19:53]} 38. Kg3 {[%clk 0:12:49]} Ra3
{[%clk 0:18:00]} 39. Rb7 {[%clk 0:12:23]} Rg8 {[%clk 0:16:33]} 40. Rxf7
{[%clk 0:40:50]} Rxg4+ {[%clk 0:46:50]} 41. Kxg4 {[%clk 0:41:16]} Rxa4+
{[%clk 0:47:14]} 42. Kh5 {[%clk 0:41:36]} d4 {[%clk 0:46:01]} 43. Kxh6
{[%clk 0:41:42]} Kg8 {[%clk 0:46:25]} 44. Rg7+ {[%clk 0:41:47]} Kf8
{[%clk 0:46:43]} 45. Rg4 {[%clk 0:42:05]} Ra2 {[%clk 0:47:07]} 46. Rxd4
{[%clk 0:42:22]} Rxf2 {[%clk 0:47:29]} 47. Kg6 {[%clk 0:42:50]} Rxh2
{[%clk 0:47:22]} 48. Kxf6 {[%clk 0:43:13]} Rh6+ {[%clk 0:47:48]} 49. Kg5
{[%clk 0:43:35]} Rh3 {[%clk 0:47:53]} 50. e4 {[%clk 0:43:58]} Ke7
{[%clk 0:48:01]} 51. Ra4 {[%clk 0:43:49]} Rg3+ {[%clk 0:48:25]} 52. Kf4
{[%clk 0:44:14]} Rh3 {[%clk 0:48:48]} 53. Ra7+ {[%clk 0:44:39]} Kd6
{[%clk 0:49:11]} 54. e5+ {[%clk 0:45:03]} Kd5 {[%clk 0:49:37]} 55. e6
{[%clk 0:45:27]} Rh4+ {[%clk 0:49:59]} 56. Ke4+ 1-0

[Event "Aleksandria Cup"]
[Site "?"]
[Date "2015.07.14"]
[Round "2.17"]
[White "Harutjunyan, Gevorg"]
[Black "Hayrapetyan, Artavazd R."]
[Result "1/2-1/2"]
[LiveChessVersion "1.3.1"]
[BlackElo "2289"]
[WhiteElo "2449"]

1. Nf3 {[%clk 1:30:57]} Nf6 {[%clk 1:27:31]} 2. g3 {[%clk 1:31:17]} d6
{[%clk 1:21:46]} 3. d4 {[%clk 1:31:12]} g6 {[%clk 1:22:03]} 4. Bg2
{[%clk 1:31:17]} Bg7 {[%clk 1:22:28]} 5. O-O {[%clk 1:31:09]} Bd7
{[%clk 1:20:52]} 6. Re1 {[%clk 1:22:47]} d5 {[%clk 1:10:09]} 7. c4
{[%clk 1:20:33]} c6 {[%clk 1:09:52]} 8. cxd5 {[%clk 1:18:13]} cxd5
{[%clk 1:10:12]} 9. Ne5 {[%clk 1:18:09]} e6 {[%clk 1:08:57]} 10. Nc3
{[%clk 1:14:41]} O-O {[%clk 1:08:09]} 11. f4 {[%clk 1:00:10]} Nc6
{[%clk 0:50:13]} 12. Be3 {[%clk 0:53:21]} Ne7 {[%clk 0:46:12]} 13. Bf2
{[%clk 0:48:42]} Nf5 {[%clk 0:40:44]} 14. g4 {[%clk 0:39:29]} Nd6
{[%clk 0:41:09]} 15. Bh4 {[%clk 0:39:23]} Bc6 {[%clk 0:41:06]} 16. Rc1
{[%clk 0:30:58]} Rc8 {[%clk 0:38:02]} 17. e3 {[%clk 0:28:31]} Qa5 18. Re2 Rc7
{[%clk 0:32:17]} 19. Be1 {[%clk 0:20:10]} Qb6 {[%clk 0:30:15]} 20. Bg3
{[%clk 0:18:10]} Rfc8 {[%clk 0:25:23]} 21. Rec2 {[%clk 0:16:17]} Be8
{[%clk 0:23:08]} 22. h3 {[%clk 0:08:53]} Nfe4 {[%clk 0:14:45]} 23. Nxe4
{[%clk 0:05:08]} dxe4 {[%clk 0:15:10]} 24. Bf1 {[%clk 0:04:17]} Bb5
{[%clk 0:09:33]} 25. Bxb5 {[%clk 0:01:20]} Nxb5 {[%clk 0:03:59]} 26. Nc4
{[%clk 0:01:07]} Qa6 {[%clk 0:04:25]} 27. f5 {[%clk 0:01:20]} Nc3
{[%clk 0:02:48]} 28. Rxc3 {[%clk 0:01:01]} Rxc4 {[%clk 0:03:14]} 29. fxe6
{[%clk 0:00:59]} fxe6 {[%clk 0:03:20]} 30. Rxc4 {[%clk 0:00:53]} Rxc4
{[%clk 0:03:46]} 31. d5 {[%clk 0:00:38]} Rxc1 {[%clk 0:04:04]} 32. Qxc1
{[%clk 0:01:03]} exd5 {[%clk 0:04:32]} 33. Qc8+ {[%clk 0:00:51]} Bf8
{[%clk 0:04:22]} 34. Be5 {[%clk 0:00:35]} Qc6 {[%clk 0:03:05]} 35. Qd8
{[%clk 0:00:37]} Kf7 {[%clk 0:01:47]} 36. Bd4 {[%clk 0:00:45]} Bd6
{[%clk 0:01:21]} 37. Qf6+ {[%clk 0:00:43]} Ke8 {[%clk 0:01:34]} 38. Qh8+
{[%clk 0:00:50]} Bf8 {[%clk 0:01:19]} 39. Qxh7 {[%clk 0:00:44]} Qc1+
{[%clk 0:00:46]} 40. Kg2 {[%clk 0:30:46]} Qd2+ {[%clk 0:31:07]} 41. Kf1
{[%clk 0:22:23]} Qd1+ {[%clk 0:29:31]} 42. Kf2 {[%clk 0:22:16]} Qf3+
{[%clk 0:29:57]} 43. Kg1 {[%clk 0:22:40]} Qg3+ {[%clk 0:29:52]} 44. Kf1
{[%clk 0:22:58]} Qf3+ {[%clk 0:25:06]} 1/2-1/2

[Event "Aleksandria Cup"]
[Site "?"]
[Date "2015.07.14"]
[Round "2.18"]
[White "Assaubayeva, Bibissara"]
[Black "Pourramezanali, Amirreza"]
[Result "1/2-1/2"]
[LiveChessVersion "1.3.1"]
[BlackElo "2441"]
[WhiteElo "2103"]

1. d4 {[%clk 1:30:53]} d5 {[%clk 1:30:53]} 2. c4 {[%clk 1:31:09]} e6
{[%clk 1:31:17]} 3. Nc3 {[%clk 1:31:20]} c6 {[%clk 1:31:41]} 4. Nf3
{[%clk 1:31:33]} Nf6 {[%clk 1:31:34]} 5. Bg5 {[%clk 1:31:41]} Nbd7
{[%clk 1:31:55]} 6. cxd5 {[%clk 1:31:40]} exd5 {[%clk 1:32:08]} 7. e3
{[%clk 1:31:59]} Be7 {[%clk 1:32:17]} 8. Qc2 {[%clk 1:32:10]} Nh5
{[%clk 1:31:43]} 9. Bxe7 {[%clk 1:31:30]} Qxe7 {[%clk 1:32:11]} 10. Be2
{[%clk 1:30:02]} g6 {[%clk 1:32:03]} 11. O-O {[%clk 1:28:49]} O-O 12. Rab1
{[%clk 1:25:36]} a5 {[%clk 1:27:17]} 13. a3 {[%clk 1:23:17]} Ng7 {[%clk 1:21:35]}
14. Bd3 {[%clk 1:19:51]} Nb6 15. b4 {[%clk 1:15:26]} Bf5 {[%clk 1:16:23]} 16. Nd2
{[%clk 1:12:05]} axb4 {[%clk 1:13:10]} 17. axb4 {[%clk 1:11:41]} Ra3
{[%clk 1:13:32]} 18. Bxf5 {[%clk 1:01:39]} Nxf5 {[%clk 1:13:59]} 19. Rfe1
{[%clk 0:59:10]} Rfa8 {[%clk 1:06:54]} 20. b5 {[%clk 0:55:22]} c5
{[%clk 1:06:19]} 21. dxc5 {[%clk 0:46:20]} Qxc5 {[%clk 1:06:24]} 22. Nb3
{[%clk 0:46:44]} Qb4 {[%clk 0:51:40]} 23. Rec1 {[%clk 0:38:09]} Rc8 24. Nxd5
{[%clk 0:27:07]} Qxb3 {[%clk 0:25:32]} 25. Qxc8+ {[%clk 0:25:30]} Nxc8
{[%clk 0:25:59]} 26. Rxb3 {[%clk 0:25:59]} Rxb3 {[%clk 0:26:17]} 27. Rxc8+
{[%clk 0:26:24]} Kg7 {[%clk 0:26:43]} 28. g4 {[%clk 0:20:18]} Rb1+
{[%clk 0:23:11]} 29. Kg2 {[%clk 0:20:43]} Nh4+ {[%clk 0:23:37]} 30. Kh3
{[%clk 0:16:07]} g5 {[%clk 0:23:53]} 31. Nc3 {[%clk 0:12:10]} Rg1
{[%clk 0:23:17]} 32. Ne4 {[%clk 0:10:34]} Nf3 {[%clk 0:16:05]} 33. Ng3
{[%clk 0:08:17]} Ne5 {[%clk 0:09:36]} 34. Rc5 {[%clk 0:05:13]} f6
{[%clk 0:09:07]} 35. Rd5 {[%clk 0:04:36]} Kf7 {[%clk 0:08:07]} 36. f4
{[%clk 0:03:45]} Ke6 {[%clk 0:02:32]} 37. Rd2 {[%clk 0:02:21]} Nc4
{[%clk 0:01:13]} 38. Rd4 {[%clk 0:01:52]} Nd6 {[%clk 0:00:36]} 39. Ne4
{[%clk 0:00:52]} Nxb5 {[%clk 0:00:35]} 40. Rb4 {[%clk 0:31:21]} Re1
{[%clk 0:30:34]} 41. Nc5+ {[%clk 0:24:39]} Kd5 {[%clk 0:30:44]} 42. Rxb5
{[%clk 0:24:59]} Kc6 {[%clk 0:31:02]} 43. Rxb7 {[%clk 0:24:49]} Rxe3+
{[%clk 0:31:27]} 44. Kg2 {[%clk 0:25:14]} Kxc5 {[%clk 0:31:53]} 45. fxg5
{[%clk 0:25:36]} fxg5 {[%clk 0:32:18]} 46. Rxh7 {[%clk 0:26:00]} Kd5
{[%clk 0:25:28]} 47. Rf7 {[%clk 0:24:24]} Rb3 {[%clk 0:06:43]} 48. Rf5+
{[%clk 0:22:13]} Ke4 {[%clk 0:07:08]} 49. Rxg5 {[%clk 0:22:04]} Kf4
{[%clk 0:07:37]} 50. Rg8 {[%clk 0:21:44]} Ra3 {[%clk 0:08:02]} 51. g5
{[%clk 0:19:29]} Kg4 {[%clk 0:08:09]} 52. g6 {[%clk 0:18:23]} Ra2+
{[%clk 0:07:39]} 53. Kf1 {[%clk 0:18:47]} Kg5 {[%clk 0:05:53]} 54. g7
{[%clk 0:16:33]} Kg6 {[%clk 0:05:51]} 55. h4 {[%clk 0:15:51]} Kh7
{[%clk 0:06:07]} 56. Rf8 {[%clk 0:16:11]} Kxg7 {[%clk 0:06:31]} 1/2-1/2

[Event "Aleksandria Cup"]
[Site "?"]
[Date "2015.07.14"]
[Round "2.19"]
[White "Nuri, Murad"]
[Black "Kekelidze, Mikheil"]
[Result "1/2-1/2"]
[LiveChessVersion "1.3.1"]
[BlackElo "2426"]
[WhiteElo "2128"]

1. d4 {[%clk 1:30:53]} Nf6 {[%clk 1:30:11]} 2. Nf3 {[%clk 1:30:17]} c5
{[%clk 1:29:54]} 3. g3 {[%clk 1:29:49]} cxd4 {[%clk 1:25:59]} 4. Nxd4
{[%clk 1:30:14]} d5 {[%clk 1:25:26]} 5. Bg2 {[%clk 1:28:43]} e5 {[%clk 1:25:52]}
6. Nb3 {[%clk 1:29:05]} Be6 {[%clk 1:20:41]} 7. O-O {[%clk 1:27:36]} Be7
{[%clk 1:19:33]} 8. Nc3 {[%clk 1:16:17]} Nc6 {[%clk 1:06:34]} 9. Bg5
{[%clk 1:14:08]} d4 {[%clk 1:06:53]} 10. Bxf6 {[%clk 1:14:10]} gxf6
{[%clk 1:07:13]} 11. Ne4 {[%clk 1:11:58]} Qb6 {[%clk 1:01:02]} 12. Qc1
{[%clk 1:09:41]} h6 {[%clk 0:56:13]} 13. c4 {[%clk 1:05:29]} Rd8 {[%clk 0:43:39]}
14. c5 {[%clk 1:05:06]} Qb5 {[%clk 0:38:23]} 15. e3 {[%clk 0:59:47]} f5
{[%clk 0:35:51]} 16. Nd6+ {[%clk 0:58:48]} Bxd6 {[%clk 0:36:11]} 17. cxd6
{[%clk 0:59:14]} Bxb3 {[%clk 0:29:59]} 18. axb3 {[%clk 0:59:37]} d3
{[%clk 0:25:02]} 19. Bh3 {[%clk 0:50:44]} Rxd6 {[%clk 0:20:24]} 20. Bxf5
{[%clk 0:51:00]} O-O 21. Rd1 a5 {[%clk 0:12:16]} 22. Qc4 {[%clk 0:44:54]} Qxc4
{[%clk 0:12:40]} 23. bxc4 {[%clk 0:45:21]} Rfd8 {[%clk 0:11:47]} 24. Ra3
{[%clk 0:45:11]} d2 {[%clk 0:11:48]} 25. Be4 {[%clk 0:39:40]} b6 {[%clk 0:12:04]}
26. Bd5 {[%clk 0:40:00]} b5 {[%clk 0:04:14]} 27. Rxd2 bxc4 {[%clk 0:03:32]} 28.
e4 {[%clk 0:38:43]} Kg7 {[%clk 0:01:48]} 29. Ra4 {[%clk 0:36:16]} f5
{[%clk 0:01:01]} 30. f3 {[%clk 0:36:45]} Nd4 {[%clk 0:00:45]} 31. Kg2
{[%clk 0:36:38]} fxe4 {[%clk 0:01:07]} 32. fxe4 {[%clk 0:36:54]} Rb6
{[%clk 0:01:01]} 33. Rxa5 {[%clk 0:33:42]} Rdb8 {[%clk 0:01:18]} 34. Ra7+
{[%clk 0:32:35]} Kh8 {[%clk 0:00:52]} 35. Bxc4 {[%clk 0:31:30]} Rxb2
{[%clk 0:01:14]} 36. Rxb2 {[%clk 0:21:18]} Rxb2+ {[%clk 0:01:39]} 37. Kh3
{[%clk 0:21:45]} Rf2 {[%clk 0:00:42]} 38. Re7 {[%clk 0:18:31]} Rb2
{[%clk 0:00:36]} 39. Bd5 {[%clk 0:15:59]} Rf2 {[%clk 0:00:37]} 40. Bc4
{[%clk 0:33:40]} Rc2 {[%clk 0:30:38]} 41. Be6 {[%clk 0:31:13]} Re2
{[%clk 0:23:03]} 42. Bd5 {[%clk 0:19:17]} Rd2 {[%clk 0:22:46]} 43. Rb7
{[%clk 0:12:46]} Rf2 {[%clk 0:19:55]} 44. Bf7 {[%clk 0:07:03]} Re2
{[%clk 0:11:15]} 45. Bg6 {[%clk 0:05:06]} Kg8 {[%clk 0:11:08]} 46. Bf7+
{[%clk 0:04:47]} Kh8 {[%clk 0:11:16]} 47. Bg6 {[%clk 0:03:16]} Kg8
{[%clk 0:11:38]} 48. Bf5 {[%clk 0:03:19]} Rd2 {[%clk 0:11:47]} 49. Bg4
{[%clk 0:02:42]} Rc2 {[%clk 0:05:30]} 50. Re7 {[%clk 0:02:45]} Nc6
{[%clk 0:05:54]} 51. Re6 {[%clk 0:00:39]} Kg7 {[%clk 0:06:20]} 52. Bh5
{[%clk 0:00:35]} Rc5 {[%clk 0:05:03]} 53. Rg6+ {[%clk 0:00:36]} Kh7
{[%clk 0:05:29]} 54. Rd6 {[%clk 0:00:49]} Kg7 {[%clk 0:02:27]} 55. Kg4
{[%clk 0:01:03]} Ne7 {[%clk 0:02:31]} 56. Re6 {[%clk 0:00:49]} Nc6
{[%clk 0:02:06]} 57. Re8 {[%clk 0:00:40]} Nd4 {[%clk 0:01:18]} 58. Re7+
{[%clk 0:00:54]} Kf6 {[%clk 0:01:12]} 59. Rf7+ {[%clk 0:01:07]} Ke6
{[%clk 0:01:41]} 60. Rh7 {[%clk 0:01:36]} Rc2 {[%clk 0:02:02]} 61. Rxh6+
{[%clk 0:01:58]} Ke7 {[%clk 0:02:32]} 62. Kg5 {[%clk 0:00:34]} Rxh2
{[%clk 0:02:22]} 63. Rh7+ {[%clk 0:00:59]} Kd6 {[%clk 0:02:47]} 64. Bg6
{[%clk 0:00:52]} Rg2 {[%clk 0:01:37]} 65. Kg4 {[%clk 0:00:34]} Rg1
{[%clk 0:01:13]} 66. Rh2 {[%clk 0:00:40]} Kc5 {[%clk 0:01:03]} 67. Bf7
{[%clk 0:00:38]} Kb4 {[%clk 0:01:14]} 68. Rf2 {[%clk 0:00:38]} Kc3
{[%clk 0:01:16]} 69. Bd5 {[%clk 0:00:41]} Kd3 {[%clk 0:01:32]} 70. Kh3
{[%clk 0:00:35]} Ke3 {[%clk 0:01:24]} 71. Ra2 {[%clk 0:00:34]} Ne2
{[%clk 0:00:38]} 72. Kh2 {[%clk 0:01:01]} Rc1 {[%clk 0:00:42]} 73. Ra3+
{[%clk 0:00:47]} Kf2 {[%clk 0:00:37]} 74. Ra8 {[%clk 0:01:00]} Nd4
{[%clk 0:00:42]} 75. Kh3 {[%clk 0:01:00]} Rc3 {[%clk 0:00:57]} 76. Ra2+
{[%clk 0:00:51]} Kf3 {[%clk 0:01:19]} 77. Kh4 {[%clk 0:00:36]} Re3
{[%clk 0:00:49]} 78. Ra8 {[%clk 0:00:34]} Kg2 {[%clk 0:00:37]} 79. g4
{[%clk 0:00:38]} Rc3 {[%clk 0:00:35]} 80. Kg5 {[%clk 0:00:36]} Kg3
{[%clk 0:00:52]} 81. Kf6 {[%clk 0:00:36]} Kxg4 {[%clk 0:01:03]} 82. Kxe5
{[%clk 0:01:03]} Nf3+ {[%clk 0:01:13]} 83. Kd6 {[%clk 0:01:32]} Re3
{[%clk 0:01:18]} 84. Re8 {[%clk 0:01:32]} Kg5 {[%clk 0:01:11]} 85. Rf8
{[%clk 0:01:43]} Kg4 {[%clk 0:01:28]} 86. Be6+ {[%clk 0:01:40]} Kg5
{[%clk 0:00:41]} 87. Rg8+ {[%clk 0:01:50]} Kf6 {[%clk 0:00:45]} 88. Rg3
{[%clk 0:02:08]} Rd3+ {[%clk 0:00:46]} 89. Bd5 {[%clk 0:02:27]} Ne5
{[%clk 0:01:01]} 90. Rg8 {[%clk 0:02:36]} Nc4+ {[%clk 0:00:56]} 91. Kc5
{[%clk 0:02:39]} Ne5 {[%clk 0:00:57]} 92. Rf8+ {[%clk 0:02:19]} Ke7
{[%clk 0:01:04]} 93. Rf5 {[%clk 0:02:45]} Nd7+ {[%clk 0:01:28]} 94. Kc4
{[%clk 0:03:12]} Rd1 {[%clk 0:01:40]} 95. Rh5 {[%clk 0:02:25]} 1/2-1/2

[Event "Aleksandria Cup"]
[Site "?"]
[Date "2015.07.14"]
[Round "2.20"]
[White "Muradli, Mahammad"]
[Black "Rozhko, Dmitry"]
[Result "0-1"]
[LiveChessVersion "1.3.1"]
[BlackElo "2349"]
[WhiteElo "2052"]

1. d4 {[%clk 1:30:31]} d5 {[%clk 1:30:56]} 2. Nf3 {[%clk 1:30:56]} Nf6
{[%clk 1:29:59]} 3. c4 {[%clk 1:31:17]} c6 {[%clk 1:30:24]} 4. Nc3
{[%clk 1:31:11]} a6 {[%clk 1:30:50]} 5. c5 {[%clk 1:31:09]} Nbd7 {[%clk 1:31:15]}
6. Bf4 {[%clk 1:31:30]} Nh5 {[%clk 1:31:41]} 7. Bd2 {[%clk 1:31:54]} g6
{[%clk 1:31:42]} 8. e4 {[%clk 1:32:15]} dxe4 {[%clk 1:31:36]} 9. Nxe4
{[%clk 1:32:41]} Bg7 {[%clk 1:30:29]} 10. Bc4 {[%clk 1:32:24]} Ndf6
{[%clk 1:26:47]} 11. Nxf6+ {[%clk 1:28:58]} Nxf6 {[%clk 1:26:40]} 12. Qb3
{[%clk 1:28:44]} O-O {[%clk 1:26:08]} 13. O-O {[%clk 1:27:38]} Nd5
{[%clk 1:22:33]} 14. Rae1 {[%clk 1:24:13]} e6 {[%clk 1:21:19]} 15. Re4
{[%clk 1:13:48]} Qc7 {[%clk 1:16:03]} 16. Rfe1 {[%clk 1:08:29]} Rd8
{[%clk 1:14:48]} 17. Bg5 {[%clk 1:05:56]} f6 {[%clk 1:11:00]} 18. Bh4
{[%clk 1:04:35]} Qf7 {[%clk 1:08:59]} 19. Bg3 {[%clk 0:51:16]} Bf8
{[%clk 1:09:05]} 20. R4e2 {[%clk 0:49:28]} a5 {[%clk 1:04:49]} 21. a4
{[%clk 0:45:28]} g5 {[%clk 1:01:27]} 22. Nd2 {[%clk 0:41:03]} f5 {[%clk 0:57:27]}
23. Be5 {[%clk 0:40:23]} Bg7 {[%clk 0:56:47]} 24. Bxd5 {[%clk 0:32:16]} cxd5
{[%clk 0:56:08]} 25. Qb6 {[%clk 0:32:23]} Re8 {[%clk 0:52:55]} 26. Nb3
{[%clk 0:30:13]} Ra6 {[%clk 0:50:23]} 27. Qb5 Qd7 {[%clk 0:34:36]} 28. Bxg7
{[%clk 0:27:54]} Kxg7 {[%clk 0:34:57]} 29. Re5 {[%clk 0:28:16]} Rf8
{[%clk 0:31:12]} 30. g4 {[%clk 0:19:37]} fxg4 {[%clk 0:29:18]} 31. Rxg5+
{[%clk 0:19:38]} Kh8 {[%clk 0:29:41]} 32. Qe2 {[%clk 0:18:23]} Qf7
{[%clk 0:27:23]} 33. Qe5+ {[%clk 0:10:57]} Qf6 {[%clk 0:27:47]} 34. Nc1
{[%clk 0:10:39]} Bd7 {[%clk 0:25:39]} 35. b3 {[%clk 0:09:56]} Qxe5
{[%clk 0:25:32]} 36. Rexe5 {[%clk 0:09:30]} Rf3 {[%clk 0:19:31]} 37. Re3
{[%clk 0:06:50]} h6 {[%clk 0:16:57]} 38. Rxf3 {[%clk 0:01:50]} gxf3
{[%clk 0:16:36]} 39. Rg3 {[%clk 0:02:19]} e5 {[%clk 0:12:27]} 40. dxe5
{[%clk 0:32:25]} Rc6 {[%clk 0:41:03]} 41. Rxf3 {[%clk 0:20:12]} b6
{[%clk 0:33:31]} 42. Rf7 {[%clk 0:08:58]} Bh3 {[%clk 0:29:04]} 43. Ne2
{[%clk 0:05:10]} Rxc5 {[%clk 0:20:19]} 44. Rf3 {[%clk 0:04:19]} Bg4
{[%clk 0:20:37]} 45. Re3 {[%clk 0:04:48]} Rc2 {[%clk 0:20:48]} 46. Nf4
{[%clk 0:03:33]} d4 {[%clk 0:17:20]} 47. Rd3 {[%clk 0:03:22]} Rc3
{[%clk 0:17:05]} 48. Rxd4 {[%clk 0:02:58]} Bf3 {[%clk 0:17:30]} 49. h4
{[%clk 0:02:48]} Rxb3 {[%clk 0:16:48]} 50. e6 {[%clk 0:01:13]} Kg7
{[%clk 0:13:09]} 51. Rd7+ {[%clk 0:00:57]} Kf6 {[%clk 0:13:37]} 52. Rf7+
{[%clk 0:01:02]} Ke5 {[%clk 0:14:04]} 53. e7 Bc6 {[%clk 0:14:20]} 54. Ng6+
{[%clk 0:00:50]} Ke6 {[%clk 0:14:24]} 55. Rf4 {[%clk 0:00:41]} Rb1+
{[%clk 0:14:22]} 56. Kh2 {[%clk 0:01:01]} Rh1+ {[%clk 0:14:48]} 57. Kg3
{[%clk 0:01:28]} Rg1+ {[%clk 0:15:15]} 58. Kh3 {[%clk 0:01:51]} Rxg6
{[%clk 0:15:35]} 59. Re4+ {[%clk 0:02:17]} Ke5 0-1

[Event "Aleksandria Cup"]
[Site "?"]
[Date "2015.07.14"]
[Round "3.1"]
[White "Jobava, Baadur"]
[Black "Kostenko, Petr"]
[Result "1/2-1/2"]
[LiveChessVersion "1.3.1"]
[BlackElo "2457"]
[WhiteElo "2693"]

1. e4 {[%clk 1:30:31]} e6 {[%clk 1:26:39]} 2. f4 {[%clk 1:30:25]} d5
{[%clk 1:26:58]} 3. e5 {[%clk 1:30:50]} c5 {[%clk 1:27:08]} 4. Nf3
{[%clk 1:31:14]} Nc6 {[%clk 1:27:32]} 5. c3 {[%clk 1:31:32]} Nh6 {[%clk 1:26:31]}
6. Na3 {[%clk 1:31:35]} Bd7 {[%clk 1:24:23]} 7. Nc2 {[%clk 1:31:42]} Rc8
{[%clk 1:17:20]} 8. Be2 {[%clk 1:31:25]} c4 {[%clk 1:15:25]} 9. b4
{[%clk 1:30:45]} f6 {[%clk 1:15:03]} 10. b5 {[%clk 1:29:03]} Na5 {[%clk 1:10:38]}
11. O-O {[%clk 1:29:19]} Bxb5 {[%clk 1:08:36]} 12. Ncd4 {[%clk 1:26:55]} Bd7
{[%clk 1:08:43]} 13. exf6 {[%clk 1:25:29]} Qxf6 {[%clk 1:02:52]} 14. Ne5
{[%clk 1:23:27]} Bc5 {[%clk 0:59:55]} 15. Kh1 {[%clk 1:23:31]} Qe7
{[%clk 0:56:15]} 16. Ndf3 {[%clk 1:21:39]} O-O {[%clk 0:46:10]} 17. d4
{[%clk 1:19:00]} Bd6 {[%clk 0:43:19]} 18. g4 Bxe5 19. fxe5 {[%clk 1:09:35]} Nxg4
{[%clk 0:18:21]} 20. Qe1 {[%clk 1:08:27]} Kh8 {[%clk 0:12:06]} 21. Bg5
{[%clk 1:06:17]} Qe8 {[%clk 0:11:21]} 22. Rg1 {[%clk 1:03:50]} Nh6
{[%clk 0:08:50]} 23. Bxh6 {[%clk 0:48:14]} gxh6 {[%clk 0:09:15]} 24. Qh4
{[%clk 0:48:40]} Ba4 {[%clk 0:06:46]} 25. Qxh6 {[%clk 0:47:54]} Qe7
{[%clk 0:06:04]} 26. Nh4 {[%clk 0:39:00]} Bc2 {[%clk 0:06:08]} 27. Ng6+
{[%clk 0:39:24]} Bxg6 {[%clk 0:06:32]} 28. Rxg6 {[%clk 0:39:50]} Rce8
{[%clk 0:05:03]} 29. Rag1 {[%clk 0:36:51]} Rg8 {[%clk 0:05:20]} 30. Rxg8+
{[%clk 0:35:41]} Rxg8 {[%clk 0:05:47]} 31. Rxg8+ {[%clk 0:36:05]} Kxg8
{[%clk 0:06:16]} 32. Bg4 {[%clk 0:36:29]} Kf7 {[%clk 0:06:19]} 33. Qxh7+
{[%clk 0:36:56]} Ke8 {[%clk 0:06:39]} 34. Qg8+ {[%clk 0:34:49]} Kd7
{[%clk 0:07:05]} 35. Kg2 {[%clk 0:35:01]} Nc6 {[%clk 0:07:03]} 36. h4
{[%clk 0:34:48]} Nd8 {[%clk 0:03:19]} 37. h5 {[%clk 0:35:12]} Qf7
{[%clk 0:03:41]} 38. Qg5 {[%clk 0:31:05]} Qh7 {[%clk 0:02:18]} 39. Qe3
{[%clk 0:30:45]} Ke7 {[%clk 0:00:48]} 40. Kg3 {[%clk 1:00:42]} Nf7
{[%clk 0:30:38]} 41. a4 {[%clk 0:51:41]} b6 {[%clk 0:22:52]} 42. Qc1
{[%clk 0:43:08]} Qh6 {[%clk 0:19:40]} 43. Qf4 {[%clk 0:35:42]} a6
{[%clk 0:18:02]} 44. Bd1 {[%clk 0:35:05]} b5 {[%clk 0:17:24]} 45. a5
{[%clk 0:34:41]} Qg7+ {[%clk 0:10:59]} 46. Kh4 {[%clk 0:34:37]} Qg1
{[%clk 0:10:35]} 47. Qf6+ {[%clk 0:30:53]} Kf8 {[%clk 0:10:50]} 48. Bf3
{[%clk 0:30:52]} b4 {[%clk 0:09:27]} 49. cxb4 {[%clk 0:25:26]} c3
{[%clk 0:08:59]} 50. Qxe6 {[%clk 0:24:58]} Qf2+ {[%clk 0:09:24]} 51. Kg4
{[%clk 0:25:17]} Qxf3+ {[%clk 0:09:50]} 52. Kxf3 {[%clk 0:25:34]} Ng5+
{[%clk 0:10:16]} 53. Ke3 {[%clk 0:25:59]} Nxe6 {[%clk 0:10:42]} 54. b5
{[%clk 0:26:03]} Nxd4 {[%clk 0:06:43]} 55. bxa6 {[%clk 0:24:49]} Nc6
{[%clk 0:07:07]} 56. h6 {[%clk 0:24:47]} d4+ {[%clk 0:07:31]} 57. Ke2
{[%clk 0:25:09]} c2 {[%clk 0:06:46]} 58. Kd2 {[%clk 0:25:36]} d3 {[%clk 0:07:14]}
59. h7 {[%clk 0:21:41]} Kg7 {[%clk 0:07:35]} 60. e6 {[%clk 0:22:08]} Nxa5
{[%clk 0:06:47]} 61. e7 {[%clk 0:20:36]} Nb3+ {[%clk 0:07:11]} 62. Kxd3
{[%clk 0:21:01]} c1=Q {[%clk 0:07:36]} 63. h8=Q+ {[%clk 0:21:22]} Kxh8
{[%clk 0:07:52]} 64. e8=Q+ {[%clk 0:21:48]} Kg7 {[%clk 0:07:51]} 65. Qe7+
{[%clk 0:22:14]} Kg6 {[%clk 0:07:10]} 66. a7 {[%clk 0:22:27]} Nc5+
{[%clk 0:06:34]} 67. Kd4 {[%clk 0:22:50]} Qa1+ {[%clk 0:06:12]} 68. Ke4 1/2-1/2